| 000 | 00518nam a22001217a 4500 | ||
|---|---|---|---|
| 999 |
_c38478 _d38478 |
||
| 082 | _aRP.0374 | ||
| 100 |
_aPurohit, Vishnu Kanta _uFoundation For Public Economics and Policy Research _vNew Delhi |
||
| 245 |
_aStamp Duty and Registration Fee in Indian States: _bA Case for Reforms in Policy and Administration / _cVishnu Kanta Purohit |
||
| 260 |
_aNew Delhi: _bFoundation For Public Economics and Policy Research, _c2015 |
||
| 300 | _a118p. | ||
| 650 |
_aStamp Duty _vTaxes _xPublic Administrations _zIndia |
||
| 942 |
_2ddc _cRP |
||